000 00806nam a2200265Ia 4500
003 OSt
005 20220926014957.0
006 a|||||r|||| 00| 0
007 ta
008 220923b |||||||| |||| 00| 0 eng d
020 _a0870142623
037 _cGeneral Book
040 _aRTL
_cRTL
_beng
041 _2eng
_aeng
082 _aX:57.7300k1.N7, L4
100 _aMikesell Raymond F
_9116994
245 0 _aForeign dollar balances and the international role
260 _aNew York
_bNational Bureau of Economic Research U S A
_c1974
300 _axiv,125p
_ccm.
500 _aAppendix p 116-22
650 _aEconomic
_937751
700 _a Furth J Herbert
_9321384
942 _hX:57.7300k1.N7, L4
_cGB
_2CC
999 _c630274
_d630274